Colocación de cortinas Venecianas para la decoración interior del aula G-35 de la Universidad Tecnológica del Cibao Oriental (UTECO) / Oneida Vásquez, Dominga Vásquez, Dominga Almonte y otros ; asesor María Del Carmen Hernández Valerio (Registro nro. 18262)

Detalles MARC
000 -LEADER
fixed length control field 01241nam a22002531a 4500
001 - CONTROL NUMBER
control field 18262
003 - CONTROL NUMBER IDENTIFIER
control field OSt
005 - DATE AND TIME OF LATEST TRANSACTION
control field 20260204212357.0
008 - FIXED-LENGTH DATA ELEMENTS--GENERAL INFORMATION
fixed length control field 170529s2016||||dr ||||||b||||||||||spa||
090 ## - LOCALLY ASSIGNED LC-TYPE CALL NUMBER (OCLC); LOCAL CALL NUMBER (RLIN)
Classification number (OCLC) (R) ; Classification number, CALL (RLIN) (NR) ESP-GCE 2016 V17
100 1# - ASIENTO PRINCIPAL -- NOMBRE PERSONAL
Personal name Vásquez, Oneida
Relator term sustentante
245 1# - TÍTULO PROPIAMENTE DICHO: SUBTÍTULO
Title Colocación de cortinas Venecianas para la decoración interior del aula G-35 de la Universidad Tecnológica del Cibao Oriental (UTECO) / Oneida Vásquez, Dominga Vásquez, Dominga Almonte y otros ; asesor María Del Carmen Hernández Valerio
260 ## - PUBLICATION, DISTRIBUTION, ETC.
Place of publication, distribution, etc. Cotuí, Republica Dominicana :
Name of publisher, distributor, etc. UTECO,
Date of publication, distribution, etc. 2016
300 ## - PHYSICAL DESCRIPTION
Extensión 34 hojas :
502 ## - THESIS NOTE
Dissertation note Tesis (Especialidad en Planificación y Gestión de Centros Educativos)--Universidad Tecnológica del Cibao Oriental, 2016
504 ## - BIBLIOGRAPHY, ETC. NOTE
Bibliography, etc. note Incluye referencia bibliográfica e índice
650 #4 - ASIENTO SECUNDARIO DE MATERIA -- TERMINO TOPICO
Asiento secundario de materia Decoración de interior--Especialidad en Planificación y Gestión de Centros Educativos
700 1# - ASIENTO SECUNDARIO -- NOMBRE PERSONAL
Personal name Vásquez, Dominga
Relator term sustentante
700 1# - ASIENTO SECUNDARIO -- NOMBRE PERSONAL
Personal name Almonte, Dominga
Relator term sustentante
700 1# - ASIENTO SECUNDARIO -- NOMBRE PERSONAL
Personal name Caraballo Vásquez, María Yanira
Relator term sustentante
700 1# - ASIENTO SECUNDARIO -- NOMBRE PERSONAL
Personal name Hernández Valerio, María Del Carmen
Relator term asesor
830 ## - ASIENTO SECUNDARIO DE SERIE - TÍTULO UNIFORME
Uniform title Tesis y disertaciones académicas (Universidad Tecnológica del Cibao Oriental)
942 ## - ADDED ENTRY ELEMENTS (KOHA)
Source of classification or shelving scheme Clasificación Local
Koha item type Tesis
Existencias
Withdrawn status Lost status Source of classification or shelving scheme Damaged status Not for loan Collection code Home library Current library Shelving location Date acquired Inventory number Total Checkouts Full call number Barcode Date last seen Copy number Price effective from Koha item type
    Clasificación Local   Préstamo Interno Trabajos de Grado e Investigación   Biblioteca UTECO En Estantería 09/09/2019 PGE-2016-070   ESP-GCE 2016 V17 PGE-2016-070 09/09/2019 Ej.1 09/09/2019 Tesis
© 2021 Derechos Reservados UTECO - Teléfono: +1 809-585-2291 - Correo electrónico: biblioteca@uteco.edu.do​  
Código postal 43000 ​​
Dirección: Avenida Universitaria No. 100, 
Cotuí, Provincia Sánchez Ramírez, República Dominicana - RNC: 404-00059-6